[Event "LSS No Engine Cup 226 Preliminary 0"]
[Site "LSS email"]
[Date "2022.03.27"]
[Round "?"]
[White "Korchut, Adam"]
[Black "Henke, Simon"]
[Result "1/2-1/2"]
[WhiteElo "1967"]
[BlackElo "2090"]
[PlyCount "97"]
[EventDate "2022.03.27"]
[EventType "tourn (corr)"]
[EventRounds "6"]
[EventCountry "GER"]
[SourceTitle "Corr 2024"]
[Source "ChessBase"]
[SourceDate "2023.10.19"]
[SourceVersion "1"]
[SourceVersionDate "2023.10.19"]
[SourceQuality "1"]

1. e4 e5 2. Nf3 Nf6 3. d4 Nxe4 4. Bd3 d5 5. Nxe5 Nd7 6. Qe2 Nxe5 7. Bxe4 dxe4 8. Qxe4 Be6 9. Qxe5 Qd7 10. Nc3 0-0-0 11. Be3 Bb4 12. 0-0 Bxc3 13. bxc3 Bd5 14. Qh5 g6 15. Qh4 Qc6 16. Bd2 b6 17. f3 Kb7 18. Rfe1 f6 19. Qf4 h5 20. a4 a5 21. Re7 g5 22. Qf5 h4 23. h3 Rd6 24. Qd3 Bc4 25. Qg6 Rg8 26. Qf5 Bd5 27. Qd3 Re6 28. Rxe6 Bxe6 29. Re1 Rg7 30. Kf2 Bc4 31. Qe4 Bd5 32. Qf5 Rd7 33. Re8 Qxa4 34. Rf8 Qb5 35. Qxf6 a4 36. Rh8 Ka7 37. Qf8 Bb7 38. Qb4 Ba6 39. Qxb5 Bxb5 40. Re8 a3 41. Re1 a2 42. Ra1 Bc4 43. Ke1 Re7+ 44. Kd1 Kb7 45. Bxg5 Re2 46. Bxh4 Rxg2 47. Kc1 Rh2 48. Bf6 Rxh3 49. Kb2 1/2-1/2

[Event "LSS No Engine Cup 226 Preliminary 0"]
[Site "LSS email"]
[Date "2022.03.27"]
[Round "?"]
[White "Korchut, Adam"]
[Black "Shim Ng Min, Francis"]
[Result "1-0"]
[WhiteElo "1967"]
[BlackElo "1391"]
[PlyCount "21"]
[EventDate "2022.03.27"]
[EventType "tourn (corr)"]
[EventRounds "6"]
[EventCountry "GER"]
[SourceTitle "Corr 2024"]
[Source "ChessBase"]
[SourceDate "2023.10.19"]
[SourceVersion "1"]
[SourceVersionDate "2023.10.19"]
[SourceQuality "1"]

1. e4 b6 2. d4 Bb7 3. Bd3 Nf6 4. Nc3 c5 5. dxc5 bxc5 6. Nf3 d6 7. e5 dxe5 8. Bb5+ Nbd7 9. Nxe5 e6 10. Bg5 Be7 11. Bxf6 1-0

[Event "LSS No Engine Cup 212 Final"]
[Site "LSS email"]
[Date "2021.07.15"]
[Round "?"]
[White "Korchut, Adam"]
[Black "Henke, Simon"]
[Result "1/2-1/2"]
[WhiteElo "1984"]
[BlackElo "2099"]
[PlyCount "53"]
[EventDate "2021.07.15"]
[EventType "tourn (corr)"]
[EventRounds "6"]
[EventCountry "GER"]
[SourceTitle "Corr 2024"]
[Source "ChessBase"]
[SourceDate "2023.10.19"]
[SourceVersion "1"]
[SourceVersionDate "2023.10.19"]
[SourceQuality "1"]

1. e4 d5 2. exd5 Qxd5 3. Nc3 Qd6 4. d4 Nf6 5. Nf3 c6 6. Ne5 Nbd7 7. Nc4 Qc7 8. a4 Nb6 9. Ne5 Bf5 10. Bd3 Bxd3 11. Qxd3 e6 12. 0-0 Bd6 13. Re1 Nbd5 14. Ne4 Nxe4 15. Qxe4 0-0 16. c4 Bxe5 17. dxe5 Ne7 18. a5 h6 19. b4 Rfd8 20. Be3 Nf5 21. g3 Nxe3 22. Qxe3 a6 23. Red1 Rd7 24. Kf1 Rad8 25. Ke2 Rxd1 26. Rxd1 Rxd1 27. Kxd1 1/2-1/2

[Event "LSS No Engine Cup 212 Final"]
[Site "LSS email"]
[Date "2021.07.15"]
[Round "?"]
[White "Korchut, Adam"]
[Black "Varas, Pablo"]
[Result "1/2-1/2"]
[WhiteElo "1984"]
[BlackElo "2019"]
[PlyCount "62"]
[EventDate "2021.07.15"]
[EventType "tourn (corr)"]
[EventRounds "6"]
[EventCountry "GER"]
[SourceTitle "Corr 2024"]
[Source "ChessBase"]
[SourceDate "2023.10.19"]
[SourceVersion "1"]
[SourceVersionDate "2023.10.19"]
[SourceQuality "1"]

1. e4 c5 2. Nf3 d6 3. d4 cxd4 4. Nxd4 Nf6 5. Nc3 a6 6. Bg5 e6 7. f4 Qb6 8. Nb3 Nbd7 9. Qf3 Qc7 10. Bd3 Be7 11. 0-0-0 h6 12. Bh4 g5 13. Bg3 gxf4 14. Bxf4 b5 15. a3 Ne5 16. Qe2 Rb8 17. Rhf1 b4 18. axb4 Rxb4 19. Bxa6 Bxa6 20. Qxa6 0-0 21. Rd4 Rxd4 22. Nxd4 Nfd7 23. Ndb5 Qc5 24. Bxh6 Rb8 25. Rd1 Nc4 26. b3 Kh7 27. Rd4 Kxh6 28. Rxc4 Qe3+ 29. Kb2 Nc5 30. Qa7 Rb7 31. Qa8 Bf6 1/2-1/2

[Event "LSS No Engine Cup 218 Preliminary 0"]
[Site "LSS email"]
[Date "2021.06.07"]
[Round "?"]
[White "Korchut, Adam"]
[Black "Reppert, Victor"]
[Result "1-0"]
[WhiteElo "1979"]
[BlackElo "1633"]
[PlyCount "45"]
[EventDate "2021.06.07"]
[EventType "tourn (corr)"]
[EventRounds "6"]
[EventCountry "GER"]
[SourceTitle "Corr 2024"]
[Source "ChessBase"]
[SourceDate "2023.10.19"]
[SourceVersion "1"]
[SourceVersionDate "2023.10.19"]
[SourceQuality "1"]

1. e4 c5 2. Nf3 Nc6 3. Nc3 g6 4. d4 cxd4 5. Nxd4 Bg7 6. Be3 Nf6 7. Bc4 d6 8. h3 0-0 9. Bb3 Na5 10. 0-0 b6 11. Re1 Bb7 12. Bg5 Nxb3 13. axb3 h6 14. Bh4 Qd7 15. Qd2 Nh5 16. f3 e5 17. Nde2 f5 18. exf5 Rxf5 19. Nd5 Rxf3 20. gxf3 Qxh3 21. Be7 e4 22. fxe4 Be5 23. Nec3 1-0

[Event "LSS No Engine Cup 218 Preliminary 0"]
[Site "LSS email"]
[Date "2021.06.07"]
[Round "?"]
[White "Langheld, Werner"]
[Black "Korchut, Adam"]
[Result "1-0"]
[WhiteElo "1941"]
[BlackElo "1979"]
[PlyCount "103"]
[EventDate "2021.06.07"]
[EventType "tourn (corr)"]
[EventRounds "6"]
[EventCountry "GER"]
[SourceTitle "Corr 2024"]
[Source "ChessBase"]
[SourceDate "2023.10.19"]
[SourceVersion "1"]
[SourceVersionDate "2023.10.19"]
[SourceQuality "1"]

1. e4 e5 2. Nc3 Nf6 3. Nf3 Nc6 4. d4 exd4 5. Nd5 Nb4 6. Nxf6+ Qxf6 7. Bc4 Bc5 8. 0-0 0-0 9. e5 Qf5 10. a3 Nc6 11. Re1 d6 12. b4 Bb6 13. Bd3 Qh5 14. exd6 Bg4 15. Bf4 cxd6 16. Bxd6 Rfe8 17. b5 Na5 18. Rxe8+ Rxe8 19. Qf1 Bxf3 20. Re1 Rd8 21. gxf3 Qxf3 22. Bg3 g6 23. Re4 f5 24. Re1 f4 25. Be2 Qxa3 26. Bc4+ Kg7 27. Bh4 Rd7 28. Be6 Rc7 29. Qe2 Qd6 30. Ba2 d3 31. cxd3 Bd4 32. Qe8 Kh6 33. Kg2 Qc5 34. Bd8 Rc8 35. Qd7 f3+ 36. Kh1 Rxd8 37. Qxd8 Bxf2 38. Rd1 Qb4 39. d4 Nb3 40. h4 Be3 41. Bxb3 f2 42. Kg2 Qxb3 43. Qf8+ Kh5 44. Qf3+ Kh6 45. d5 f1Q+ 46. Rxf1 Qc2+ 47. Kh3 Qc8+ 48. Kg2 Qc2+ 49. Kh1 Qd2 50. d6 Qd4 51. Qf8+ Kh5 52. Qf6 1-0

[Event "LSS No Engine Cup 217 Preliminary 0"]
[Site "LSS email"]
[Date "2021.05.06"]
[Round "?"]
[White "Herzog, Mathias"]
[Black "Korchut, Adam"]
[Result "1-0"]
[WhiteElo "2143"]
[BlackElo "1964"]
[PlyCount "107"]
[EventDate "2021.05.06"]
[EventType "tourn (corr)"]
[EventRounds "6"]
[EventCountry "GER"]
[SourceTitle "Corr 2024"]
[Source "ChessBase"]
[SourceDate "2023.10.19"]
[SourceVersion "1"]
[SourceVersionDate "2023.10.19"]
[SourceQuality "1"]

1. e4 e5 2. Nf3 Nf6 3. Nxe5 d6 4. Nf3 Nxe4 5. d4 d5 6. Bd3 Bd7 7. 0-0 Nc6 8. c4 Nf6 9. cxd5 Nb4 10. Nc3 Nxd3 11. Qxd3 Be7 12. Re1 0-0 13. Bf4 Re8 14. Ne5 Bc8 15. Qf3 h6 16. a3 a5 17. Re3 Ra6 18. Rae1 Bf8 19. h3 Re7 20. Bg3 Nh7 21. h4 g6 22. Nc4 Rxe3 23. Nxe3 Nf6 24. Be5 Bg7 25. Ne4 Nxe4 26. Qxe4 Bd7 27. Qf4 c6 28. Bxg7 Kxg7 29. Qe5+ Kg8 30. dxc6 Rxc6 31. d5 Ra6 32. d6 Qe8 33. Qxe8+ Bxe8 34. Ng4 Bb5 35. Nf6+ Kf8 36. d7 Ra8 37. Re5 Bc6 38. Rxa5 Rd8 39. Re5 Bxd7 40. Rd5 Ke7 41. Rxd7+ Rxd7 42. Nxd7 Kxd7 43. Kf1 Kd6 44. Ke2 Kc6 45. Ke3 Kc5 46. Kd3 Kd5 47. f4 Ke6 48. g4 Kd5 49. g5 hxg5 50. hxg5 Ke6 51. Ke4 f6 52. a4 Kd6 53. b4 fxg5 54. fxg5 1-0

[Event "LSS No Engine Cup 217 Preliminary 0"]
[Site "LSS email"]
[Date "2021.05.06"]
[Round "?"]
[White "Korchut, Adam"]
[Black "Mueller, Bernd"]
[Result "1-0"]
[WhiteElo "1964"]
[BlackElo "2049"]
[PlyCount "47"]
[EventDate "2021.05.06"]
[EventType "tourn (corr)"]
[EventRounds "6"]
[EventCountry "GER"]
[SourceTitle "Corr 2024"]
[Source "ChessBase"]
[SourceDate "2023.10.19"]
[SourceVersion "1"]
[SourceVersionDate "2023.10.19"]
[SourceQuality "1"]

1. e4 e5 2. Nf3 d5 3. Nxe5 Bd6 4. d4 dxe4 5. Bc4 Bxe5 6. Qh5 Qe7 7. dxe5 Nc6 8. Bb5 Bd7 9. Nc3 0-0-0 10. Bf4 g6 11. Qg5 h6 12. Qxe7 Ngxe7 13. 0-0-0 g5 14. Bg3 Ng6 15. Nxe4 Nd4 16. Rxd4 Bxb5 17. Rxd8+ Rxd8 18. f3 Bc6 19. Nf6 Rh8 20. b3 a6 21. Nh5 Rd8 22. Re1 Bd5 23. Nf6 Be6 24. Rd1 1-0

[Event "LSS No Engine Cup 216 Preliminary 0"]
[Site "LSS email"]
[Date "2021.04.11"]
[Round "?"]
[White "Herzog, Mathias"]
[Black "Korchut, Adam"]
[Result "1/2-1/2"]
[WhiteElo "2133"]
[BlackElo "1968"]
[PlyCount "87"]
[EventDate "2021.04.11"]
[EventType "tourn (corr)"]
[EventRounds "6"]
[EventCountry "GER"]
[SourceTitle "Corr 2024"]
[Source "ChessBase"]
[SourceDate "2023.10.19"]
[SourceVersion "1"]
[SourceVersionDate "2023.10.19"]
[SourceQuality "1"]

1. e4 e5 2. Nf3 Nc6 3. Bb5 a6 4. Ba4 Nf6 5. d3 d6 6. c3 Be7 7. Nbd2 0-0 8. 0-0 b5 9. Bc2 Bb7 10. Re1 Re8 11. Nf1 Bf8 12. Ng3 g6 13. d4 Bg7 14. h3 Qd7 15. Bg5 exd4 16. cxd4 Nb4 17. Bb1 c5 18. Qd2 Nc6 19. d5 Ne5 20. Nxe5 Rxe5 21. Bc2 h5 22. Rad1 Rc8 23. Bh4 Ree8 24. f4 Qc7 25. Rf1 Nd7 26. f5 c4 27. Nxh5 c3 28. Qf4 gxh5 29. f6 Nxf6 30. Bxf6 Bxf6 31. Qxf6 Qe7 32. Qf5 cxb2 33. Rd3 h4 34. Qg4+ Kf8 35. Qh5 Kg8 36. Rf4 b1Q+ 37. Bxb1 Rc1+ 38. Kh2 Qe5 39. Qxh4 Kf8 40. Rg3 Bc8 41. Rf5 Bxf5 42. Qh6+ Ke7 43. Qxc1 Bd7 44. Qg5+ 1/2-1/2

[Event "LSS No Engine Cup 215 Preliminary 0"]
[Site "LSS email"]
[Date "2021.03.13"]
[Round "?"]
[White "Korchut, Adam"]
[Black "Pehl, Ferenc"]
[Result "1-0"]
[WhiteElo "1972"]
[BlackElo "1205"]
[PlyCount "35"]
[EventDate "2021.03.13"]
[EventType "tourn (corr)"]
[EventRounds "6"]
[EventCountry "GER"]
[SourceTitle "Corr 2024"]
[Source "ChessBase"]
[SourceDate "2023.10.19"]
[SourceVersion "1"]
[SourceVersionDate "2023.10.19"]
[SourceQuality "1"]

1. e4 e5 2. Nf3 d6 3. d4 exd4 4. Nxd4 a6 5. Nc3 Bd7 6. Bf4 Nc6 7. Nxc6 Bxc6 8. Qd4 f6 9. Be2 Ne7 10. 0-0-0 Ng6 11. Be3 Qe7 12. Nd5 Bxd5 13. exd5 Qe5 14. Qa4+ Kd8 15. Rhe1 Qxh2 16. g3 Qh3 17. Bg4 Qg2 18. Qd7# 1-0

[Event "LSS No Engine Cup 214 Preliminary 0"]
[Site "LSS email"]
[Date "2021.02.17"]
[Round "?"]
[White "Korchut, Adam"]
[Black "Lombardi, Donato"]
[Result "1-0"]
[WhiteElo "1949"]
[BlackElo "1139"]
[PlyCount "67"]
[EventDate "2021.02.17"]
[EventType "tourn (corr)"]
[EventRounds "6"]
[EventCountry "GER"]
[SourceTitle "Corr 2024"]
[Source "ChessBase"]
[SourceDate "2023.10.19"]
[SourceVersion "1"]
[SourceVersionDate "2023.10.19"]
[SourceQuality "1"]

1. e4 e6 2. d4 d5 3. Nc3 Nf6 4. Bg5 Be7 5. e5 Nfd7 6. Bxe7 Qxe7 7. f4 a6 8. Nf3 c5 9. dxc5 Nxc5 10. Be2 Nc6 11. Qd2 0-0 12. Qe3 Rd8 13. Rd1 b5 14. a3 Bb7 15. 0-0 d4 16. Nxd4 Nxd4 17. Rxd4 Rxd4 18. Qxd4 Rd8 19. Qe3 h6 20. b4 Nd7 21. Qa7 Bd5 22. Nxd5 exd5 23. Qxa6 Qe6 24. Qxe6 fxe6 25. Bxb5 Nb6 26. a4 d4 27. f5 exf5 28. Rxf5 Rd5 29. Bc6 Rd8 30. a5 Nd5 31. Bxd5+ Rxd5 32. a6 d3 33. cxd3 Rxd3 34. e6 1-0

[Event "LSS No Engine Cup 212 Preliminary 0"]
[Site "LSS email"]
[Date "2021.01.05"]
[Round "?"]
[White "Kreuchauf, Olaf"]
[Black "Korchut, Adam"]
[Result "0-1"]
[WhiteElo "1600"]
[BlackElo "1956"]
[PlyCount "48"]
[EventDate "2021.01.05"]
[EventType "tourn (corr)"]
[EventRounds "6"]
[EventCountry "GER"]
[SourceTitle "Corr 2022"]
[Source "ChessBase"]
[SourceDate "2021.10.24"]
[SourceVersion "1"]
[SourceVersionDate "2021.10.24"]
[SourceQuality "1"]

1. c4 e5 2. g3 Nf6 3. Bg2 c6 4. d4 e4 5. Nc3 Bb4 6. Bg5 d5 7. cxd5 cxd5 8. Qa4+ Nc6 9. a3 Bxc3+ 10. bxc3 h6 11. Bxf6 Qxf6 12. e3 0-0 13. h3 Bd7 14. Qc2 Na5 15. Ne2 g5 16. 0-0 Qd6 17. Nc1 Rac8 18. Nb3 Ba4 19. Rfb1 f5 20. Ra2 Rc6 21. Qb2 Bxb3 22. Raa1 f4 23. Bf1 fxg3 24. fxg3 Qxg3+ 0-1